| 000 | 01622nam0a2200349 i 4500 | ||
|---|---|---|---|
| 001 | RU\NLR\BIBL_A\010194302 | ||
| 005 | 20241103093403.0 | ||
| 010 |
_a9785904810252 _96600 |
||
| 021 |
_aRU _b2013-104893 _97285 |
||
| 035 | _a(NILC)RuMoRGB-006718658 | ||
| 035 | _a(NLR Aleph) 010194302 | ||
| 090 |
_a10213671 _c10213671 |
||
| 100 | _a20140224d2013 um y0rusy50 ca | ||
| 101 | 0 | _arus | |
| 102 | _aRU | ||
| 105 | _aa|||j||||00yy | ||
| 200 | 1 |
_aТуризм в детском саду _eучебно-методическое пособие _f[принимали участие : Алейникова В. С. и др.] _gпод ред. С. В. Кузнецовой |
|
| 210 |
_aМосква _cОбруч _d2013 |
||
| 215 |
_a207 с. _cил. _d21 |
||
| 320 | _aБиблиогр.: с. 206-207 (25 назв.) и в подстроч. примеч. | ||
| 606 | 1 |
_aДошкольники _jУчебно-методические пособия _xОзнакомление с основами туризма _92218861 _3RU\NLR\AUTH\6601565791 |
|
| 606 |
_aДетский туризм _jУчебно-методические пособия _9959940 _3RU\NLR\AUTH\66358328 |
||
| 675 | _a373.2.025 | ||
| 686 | 1 | _aЧ411.354я7 | |
| 702 | 1 |
_aАлейникова _bВ.С. _4220 |
|
| 702 | 1 |
_4340 _7ca _8rus _aКузнецова _bС. В. _cпедагог, дошкол. воспитание _gСветлана Викторовна _948116 _3RU\NLR\AUTH\7765187 |
|
| 801 | 0 |
_aRU _bRuMoRKP _c20131226 _gRCR |
|
| 801 | 2 |
_aRU _bРГБ _c20140110 _grcr |
|
| 801 | 1 |
_aRU _bRuMoRKP _c20131226 _2rusmarc |
|
| 942 | _cBOOK | ||
| 980 | _aNBR | ||